000
00247nam a2200097Ia 4500
001
793213
005
20250826170644.0
008
250824s9999 xx 000 0 und d
245
0
_a
ALLAH DE ÖTESİNİ BIRAK
_c
UĞUR KOŞAR
260
_b
DESTEK YAYINLARI
999
_c
793213
_d
793213